Ч. 2 : Секции "Квантовые жидкости и кристаллы", "Низкотемпературная физика твердого тела"; XXV Всесоюзное совещание по физике низких температур

Detaylı Bibliyografya
Parent link:XXV Всесоюзное совещание по физике низких температур: тезисы докладов, Ленинград, 25-27 октября 1988 г./ Академия наук СССР (АН СССР), Физико-технический институт им. А. Ф. Иоффе (ФТИ). Ч. 2 : Секции "Квантовые жидкости и кристаллы", "Низкотемпературная физика твердого тела".— , 1988
Dil:Rusça
Baskı/Yayın Bilgisi: 1988
Konular:
Materyal Türü: Kitap
KOHA link:https://koha.lib.tpu.ru/cgi-bin/koha/opac-detail.pl?biblionumber=265018

MARC

LEADER 00000nam2a2200000 4500
001 265018
005 20231031223006.0
020 |a RU  |b 88-74562 
035 |a (RuTPU)RU\TPU\book\288016 
090 |a 265018 
100 |a 20140623d1988 k y0rusy5003 ca 
101 0 |a rus 
102 |a RU 
105 |a a z 101zy 
200 0 |a Ч. 2 : Секции "Квантовые жидкости и кристаллы", "Низкотемпературная физика твердого тела" 
210 |d 1988 
215 |a 215 с.  |c граф. 
320 |a Библиография в конце статей 
320 |a Авторский указатель: с. 211-214. 
461 1 |0 (RuTPU)RU\TPU\book\279788  |t XXV Всесоюзное совещание по физике низких температур  |o тезисы докладов, Ленинград, 25-27 октября 1988 г.  |f Академия наук СССР (АН СССР), Физико-технический институт им. А. Ф. Иоффе (ФТИ)  |v Ч. 2 : Секции "Квантовые жидкости и кристаллы", "Низкотемпературная физика твердого тела"  |d 1988 
606 1 |a Температуры низкие  |x Измерение  |2 stltpush  |3 (RuTPU)RU\TPU\subj\59399 
610 1 |a физика 
610 1 |a твердые тела 
610 1 |a квантовые жидкости 
610 1 |a квантовые кристаллы 
610 1 |a совещания 
675 |a 536.48(063)  |z rus 
801 0 |a RU  |b RuMRKP  |c 19950417  |g psbo 
801 1 |a RU  |b 63413507  |c 20140623 
801 2 |a RU  |b 63413507  |c 20150130  |g RCR 
942 |c BK